Statistiques concernant Petit Bac #34 - Préfectures Françaises

Cliquez ici pour prendre le quiz!

Statistiques générales

  • Ce quiz a été pris 1 155 fois
  • Le résultat moyen est 15 sur 17

Statistiques - réponses

1ère lettrePréfecture% Correct
AAgen / Ajaccio / Albi / Alençon / Amiens / Angers / Angoulême / Annecy / Arras / Auch / Aurillac / Auxerre / Avignon
98%
BBar-le-Duc / Basse-Terre / Bastia / Beauvais / Belfort / Besançon / Blois / Bobigny / Bordeaux / Bourg-en-Bresse / Bourges
98%
MMâcon / Mamoudzou / Marseille / Melun / Mende / Metz / Mont-de-Marsan / Montauban / Montpellier / Moulins
98%
PParis / Pau / Périgueux / Perpignan / Poitiers / Privas
98%
LLa Roche-sur-Yon / La Rochelle / Laon / Laval / Le Mans / Le Puy-en-Velais / Limoges / Lille / Lons-le-Saunier / Lyon
97%
NNancy / Nanterre / Nantes / Nevers / Nice / Nîmes / Niort
97%
CCaen / Cahors / Carcassonne / Cayenne / Cergy / Châlons-en-Champagne / Chambéry / Charleville-Mézières / Chartres / Châteauroux / Chaumont / Clermont-Ferrand / Colmar / Créteil
96%
TTarbes / Toulon / Toulouse / Tours / Troyes / Tulle
96%
SSaint-Brieuc / Saint-Denis / Saint-Etienne / Saint-Lô / Strasbourg
95%
RRennes / Rodez / Rouen
92%
VValence / Vannes / Versailles / Vesoul
90%
GGap / Grenoble / Guéret
86%
QQuimper
86%
EEpinal / Evreux / Evry-Courcouronnes
78%
DDigne-les-Bains / Dijon
77%
OOrléans
75%
FFoix / Fort-de-France
67%

Distribution des résultats

Percentile par nombre de réponses

% des personnes avec chaque résultat

Votre développement - résultats

Vous n’avez pas pris ce quiz